000
00329nam a2200133Ia 4500
008
210210b1981 xxu||||| |||| 00| 0 eng d
082
_a
920 TMAP
100
_a
-
245
_a
TMA Pai a memoir from messages
260
_a
Manipal.
_b
Academy Of General Education.,
_c
1981
300
_a
156
690
_a
Biography
906
_a
044228
999
_c
93463
_d
93463